Tư duy số học : 50 câu đố luyện tập não bộ giúp bạn hình thành

Tuyển tập 50 câu đố từ dễ đến khó liên quan đến toán học với những con số giúp bạn cải thiện tư duy, rèn luyện trí thông minh, giúp bạn tự tin trước những con số, thành thạo và nhanh nhạy với các phép tỉnh nhẩm...

Volledige beschrijving

Bewaard in:
Bibliografische gegevens
Hoofdauteur: Philips, Charles
Formaat: Boek
Taal:Undetermined
Gepubliceerd in: Thành phố Hồ Chí Minh Trẻ 2015
Onderwerpen:
Tags: Voeg label toe
Geen labels, Wees de eerste die dit record labelt!
Thư viện lưu trữ: Trung tâm Học liệu Trường Đại học Cần Thơ
LEADER 01027nam a2200217Ia 4500
001 CTU_204489
008 210402s9999 xx 000 0 und d
020 |c 35000 
082 |a 153.42 
082 |b P558 
100 |a Philips, Charles 
245 0 |a Tư duy số học : 
245 0 |b 50 câu đố luyện tập não bộ giúp bạn hình thành 
245 0 |c Charles Philips ; Phạm Thu Hòa (dịch) 
260 |a Thành phố Hồ Chí Minh 
260 |b Trẻ 
260 |c 2015 
520 |a Tuyển tập 50 câu đố từ dễ đến khó liên quan đến toán học với những con số giúp bạn cải thiện tư duy, rèn luyện trí thông minh, giúp bạn tự tin trước những con số, thành thạo và nhanh nhạy với các phép tỉnh nhẩm 
650 |a Tư duy số học,Tư tưởng và tư duy,Thought and thinking 
904 |i Hải 
980 |a Trung tâm Học liệu Trường Đại học Cần Thơ